BSOP header

Engaging with God : (Record no. 46119)

MARC details
000 -LEADER
fixed length control field 00964pam a2200301 a 4500
001 - CONTROL NUMBER
control field 633320
005 - DATE AND TIME OF LATEST TRANSACTION
control field 20220104084432.0
008 - FIXED-LENGTH DATA ELEMENTS--GENERAL INFORMATION
fixed length control field 930125s1993 miua b 001 0 eng
010 ## - LIBRARY OF CONGRESS CONTROL NUMBER
LC control number 93006748
020 ## - INTERNATIONAL STANDARD BOOK NUMBER
International Standard Book Number 0802806899
020 ## - INTERNATIONAL STANDARD BOOK NUMBER
International Standard Book Number 9780830898855
020 ## - INTERNATIONAL STANDARD BOOK NUMBER
International Standard Book Number 9780830826971
040 ## - CATALOGING SOURCE
Original cataloging agency DLC
Transcribing agency DLC
Modifying agency DLC
100 1# - MAIN ENTRY--PERSONAL NAME
Personal name Peterson, David,
Dates associated with a name 1944-
245 10 - TITLE STATEMENT
Title Engaging with God :
Remainder of title a biblical theology of worship /
Statement of responsibility, etc David Peterson.
250 ## - EDITION STATEMENT
Edition statement 1st North American ed.
260 ## - PUBLICATION, DISTRIBUTION, ETC. (IMPRINT)
Place of publication, distribution, etc Grand Rapids, Mich. :
Name of publisher, distributor, etc W.B. Eerdmans,
Date of publication, distribution, etc 1993, c1992.
300 ## - PHYSICAL DESCRIPTION
Extent 317 p. :
Other physical details ill. ;
Dimensions 23 cm.
336 ## - CONTENT TYPE
Content Type Term text
337 ## - MEDIA TYPE
Media Type Term unmediated
338 ## - CARRIER TYPE
Carrier Type Term volume
504 ## - BIBLIOGRAPHY, ETC. NOTE
Bibliography, etc Includes bibliographical references and indexes.
630 00 - SUBJECT ADDED ENTRY--UNIFORM TITLE
Uniform title Bible
General subdivision Theology.
650 #0 - SUBJECT ADDED ENTRY--TOPICAL TERM
Topical term or geographic name as entry element Worship
General subdivision Biblical teaching.
650 #0 - SUBJECT ADDED ENTRY--TOPICAL TERM
Topical term or geographic name as entry element Public worship
General subdivision Biblical teaching.
856 ## - ELECTRONIC LOCATION AND ACCESS
Uniform Resource Identifier <a href="https://drive.google.com/file/d/1S2ruu-T57h2msx8-SLd_YgTTiLZit2h0/view?usp=sharing">https://drive.google.com/file/d/1S2ruu-T57h2msx8-SLd_YgTTiLZit2h0/view?usp=sharing</a>
942 ## - ADDED ENTRY ELEMENTS (KOHA)
Source of classification or shelving scheme Library of Congress Classification
Item type Books
Holdings
Withdrawn status Lost status Source of classification or shelving scheme Damaged status Not for loan Home library Current library Shelving location Date acquired Source of acquisition Inventory number Total Checkouts Full call number Barcode Date last seen Price effective from Koha item type
    Library of Congress Classification     BSOP Library BSOP Library GC 04/16/2019 Hilfe Fur Bruder 14578   BS680 P44 00018669 04/16/2019 04/16/2019 Books
    Library of Congress Classification     BSOP Library Digital Library   05/09/2024   eB-00884       05/09/2024 05/09/2024 eBooks
BSOP

Biblical Seminary of the Philippines
  All rights Reserved
  © 2024

CONTACT INFORMATION

Biblical Seminary of the Philippines,
  77-B Karuhatan Road, Valenzuela City,
  PHILIPPINES 1441
  Phone: +632 8292-6795 / 8292-6798
  Fax : +632 8292-6675
  Email: library@bsop.edu.ph